[Event "Olympiad Women-40"]
[Site "Istanbul"]
[Date "2012.09.09"]
[Round "11.4"]
[White "Mendoza Velazquez, Lorena Alejandra"]
[Black "Berke, Ana"]
[Result "1-0"]
[WhiteElo "1993"]
[BlackElo "2160"]
[PlyCount "81"]
[EventDate "2012.08.28"]
[EventType "team-swiss"]
[EventRounds "11"]
[EventCountry "TUR"]
[SourceTitle "CBM 150 Extra"]
[Source "ChessBase"]
[SourceDate "2012.10.19"]
[SourceVersion "1"]
[SourceVersionDate "2012.10.19"]
[SourceQuality "1"]
[WhiteTeam "Mexico (W)"]
[BlackTeam "Croatia (W)"]
[WhiteTeamCountry "MEX"]
[BlackTeamCountry "CRO"]

1. d4 Nf6 2. Nf3 e6 3. g3 c5 4. Bg2 Nc6 5. 0-0 Be7 6. c4 cxd4 7. Nxd4 0-0 8. Nc3 a6 9. Nc2 d6 10. e4 Bd7 11. Be3 Qa5 12. Qe2 Rfc8 13. f4 Rab8 14. Rfd1 Be8 15. a3 b5 16. b4 Qc7 17. e5 dxe5 18. c5 exf4 19. Bxf4 e5 20. Bg5 Rd8 21. Bxf6 Bxf6 22. Nd5 Rxd5 23. Bxd5 Nd4 24. Nxd4 exd4 25. Qf3 Rd8 26. Be4 Bg5 27. Rd3 Be3+ 28. Kg2 Bd7 29. Rad1 Re8 30. Bd5 Be6 31. Bxe6 fxe6 32. Rf1 h6 33. Rdd1 Rc8 34. Qe4 Qe7 35. Rf3 e5 36. Qd5+ Kh7 37. Rf7 Qg5 38. Rdf1 Rd8 39. Qe4+ Kg8 40. R1f5 Qg6 41. Rf8+ 1-0

[Event "Olympiad Women-40"]
[Site "Istanbul"]
[Date "2012.09.06"]
[Round "9.3"]
[White "Driza, Arta"]
[Black "Mendoza Velazquez, Lorena Alejandra"]
[Result "1/2-1/2"]
[WhiteElo "1943"]
[BlackElo "1993"]
[PlyCount "71"]
[EventDate "2012.08.28"]
[EventType "team-swiss"]
[EventRounds "11"]
[EventCountry "TUR"]
[SourceTitle "CBM 150 Extra"]
[Source "ChessBase"]
[SourceDate "2012.10.19"]
[SourceVersion "1"]
[SourceVersionDate "2012.10.19"]
[SourceQuality "1"]
[WhiteTeam "Albania (W)"]
[BlackTeam "Mexico (W)"]
[WhiteTeamCountry "ALB"]
[BlackTeamCountry "MEX"]

1. e4 c5 2. Nf3 d6 3. d4 cxd4 4. Nxd4 Nf6 5. Nc3 g6 6. Be2 Bg7 7. 0-0 0-0 8. Nb3 Nc6 9. f4 Bd7 10. Bf3 Rc8 11. Nd5 Nxd5 12. exd5 Na5 13. c3 Ba4 14. Be3 a6 15. Bf2 Bf6 16. Re1 b5 17. Qe2 Nxb3 18. axb3 Bxb3 19. Rxa6 Bc4 20. Qd2 b4 21. Ra7 bxc3 22. bxc3 Ra8 23. Rea1 Rxa7 24. Rxa7 Qb8 25. g4 Qb1+ 26. Kg2 g5 27. Be2 gxf4 28. Bxc4 Qe4+ 29. Kg1 Qxc4 30. Bd4 Qxd5 31. Qxf4 Bxd4+ 32. cxd4 Rb8 33. Rxe7 Rb1+ 34. Kf2 Rb2+ 35. Re2 Rxe2+ 36. Kxe2 1/2-1/2

[Event "Olympiad Women-40"]
[Site "Istanbul"]
[Date "2012.08.31"]
[Round "4.3"]
[White "Frayna, Janelle Mae"]
[Black "Mendoza Velazquez, Lorena Alejandra"]
[Result "1-0"]
[WhiteElo "1991"]
[BlackElo "1993"]
[PlyCount "79"]
[EventDate "2012.08.28"]
[EventType "team-swiss"]
[EventRounds "11"]
[EventCountry "TUR"]
[SourceTitle "CBM 150 Extra"]
[Source "ChessBase"]
[SourceDate "2012.10.19"]
[SourceVersion "1"]
[SourceVersionDate "2012.10.19"]
[SourceQuality "1"]
[WhiteTeam "Philippines (W)"]
[BlackTeam "Mexico (W)"]
[WhiteTeamCountry "PHI"]
[BlackTeamCountry "MEX"]

1. c4 c5 2. g3 Nc6 3. Bg2 g6 4. Nc3 Bg7 5. Nf3 d6 6. 0-0 e5 7. a3 a5 8. Ne1 Nge7 9. Nc2 0-0 10. Ne3 Be6 11. Rb1 f5 12. d3 Kh8 13. Ned5 h6 14. Bd2 Kh7 15. b4 Rb8 16. Nxe7 Qxe7 17. Nd5 Qd8 18. bxa5 Bxd5 19. Bxd5 Nxa5 20. Rb5 Nc6 21. e3 Qc7 22. Qb3 f4 23. Rb1 fxg3 24. hxg3 Nd8 25. a4 Qd7 26. a5 Nf7 27. Rxb7 Rxb7 28. Qxb7 Qf5 29. Be4 Qf6 30. Be1 Ng5 31. Bg2 e4 32. dxe4 Rf7 33. Qd5 Nf3+ 34. Bxf3 Qxf3 35. a6 Re7 36. Rb7 Re5 37. Qf7 Qxf7 38. Rxf7 Kg8 39. Rxg7+ Kxg7 40. Bc3 1-0

[Event "La Ceja zt (Women) 2.3"]
[Site "La Ceja"]
[Date "2011.10.11"]
[Round "1"]
[White "Franco Valencia, Beatriz Irene"]
[Black "Mendoza Velazquez, Lorena Alejandra"]
[Result "1-0"]
[WhiteElo "2176"]
[BlackElo "2024"]
[PlyCount "95"]
[EventDate "2011.10.11"]
[EventType "swiss"]
[EventRounds "9"]
[EventCountry "COL"]
[SourceTitle "CBM 144 Extra"]
[Source "ChessBase"]
[SourceDate "2011.10.28"]
[SourceVersion "1"]
[SourceVersionDate "2011.10.28"]
[SourceQuality "1"]

1. d4 Nf6 2. g3 g6 3. Bg2 Bg7 4. c4 c5 5. Nf3 0-0 6. Nc3 cxd4 7. Nxd4 Nc6 8. 0-0 a6 9. h3 Nxd4 10. Qxd4 d6 11. Be3 Ng4 12. Qd2 Nxe3 13. Qxe3 Rb8 14. Rfd1 Bd7 15. Rac1 Re8 16. b4 h5 17. Nd5 Kh7 18. Qb3 e6 19. Nc3 Bc6 20. e4 Qe7 21. b5 Bd7 22. Qb4 Bf8 23. a4 Red8 24. Rd3 Qe8 25. Qb3 axb5 26. axb5 b6 27. Rcd1 Be7 28. R1d2 Bc8 29. Na4 Qh8 30. Qd1 e5 31. Rxd6 Bxd6 32. Rxd6 Be6 33. Nxb6 Rxd6 34. Qxd6 Rd8 35. Qe7 Rd1+ 36. Kh2 Rb1 37. Nd5 Qa8 38. Nf6+ Kg7 39. Ne8+ Kg8 40. Nc7 Qa7 41. c5 Qa2 42. Qd8+ Kh7 43. Qf6 Qd2 44. Ne8 Qh6 45. b6 Qf8 46. Nd6 Rxb6 47. Nxf7 Qxc5 48. Qh8# 1-0

[Event "American Continental (Women) 06th"]
[Site "Duran"]
[Date "2011.06.18"]
[Round "8"]
[White "Mendoza Velazquez, Lorena Alejandra"]
[Black "Heredia Serrano, Carla Sofia"]
[Result "0-1"]
[WhiteElo "2033"]
[BlackElo "2071"]
[PlyCount "124"]
[EventDate "2011.06.12"]
[EventType "swiss"]
[EventRounds "11"]
[EventCountry "ECU"]
[SourceTitle "EXT 2012"]
[Source "ChessBase"]
[SourceDate "2011.11.24"]
[SourceVersion "1"]
[SourceVersionDate "2011.11.24"]
[SourceQuality "1"]

1. d4 Nf6 2. Nf3 d6 3. c4 g6 4. Nc3 Bg7 5. g3 0-0 6. Bg2 Nbd7 7. 0-0 e5 8. e4 exd4 9. Nxd4 a6 10. h3 Re8 11. Be3 Rb8 12. a4 Ne5 13. b3 c5 14. Nde2 Nc6 15. Qd2 Be6 16. Rad1 Qa5 17. f4 Rbd8 18. f5 Bc8 19. fxg6 fxg6 20. Bg5 Re6 21. Nd5 Qxd2 22. Rxd2 Rf8 23. Nxf6+ Bxf6 24. Bxf6 Rexf6 25. Rxf6 Rxf6 26. Nc1 Nd4 27. Rf2 Kf7 28. e5 dxe5 29. Nd3 Rxf2 30. Kxf2 Nxb3 31. Nxe5+ Kf6 32. Nd3 b6 33. Ke3 Na5 34. Nb2 Bb7 35. Bf1 Nb3 36. Kf4 g5+ 37. Ke3 Bc6 38. Bd3 h6 39. Be4 Bd7 40. Bg2 Nd4 41. Bf1 Nf5+ 42. Kf2 a5 43. g4 Nd6 44. Ke3 Bc6 45. Kf2 Ke5 46. Ke3 Be4 47. Nd3+ Ke6 48. Nb2 Bc6 49. Kf2 Ne8 50. Be2 Ng7 51. Bf1 Ke5 52. Ke3 Ne6 53. Nd3+ Kd6 54. Nb2 Nf4 55. Kf2 Ke5 56. Ke3 Be4 57. Nd1 Bg2 58. Bxg2 Nxg2+ 59. Kf2 Nf4 60. Ne3 Nxh3+ 61. Kg3 Nf4 62. Nf5 Ne2+ 0-1

[Event "American Continental (Women) 06th"]
[Site "Duran"]
[Date "2011.06.17"]
[Round "7"]
[White "Mendoza Velazquez, Lorena Alejandra"]
[Black "Castrillon Gomez, Melissa"]
[Result "0-1"]
[WhiteElo "2033"]
[BlackElo "2082"]
[PlyCount "58"]
[EventDate "2011.06.12"]
[EventType "swiss"]
[EventRounds "11"]
[EventCountry "ECU"]
[SourceTitle "EXT 2012"]
[Source "ChessBase"]
[SourceDate "2011.11.24"]
[SourceVersion "1"]
[SourceVersionDate "2011.11.24"]
[SourceQuality "1"]

1. d4 Nf6 2. Nf3 g6 3. c4 Bg7 4. Nc3 0-0 5. e4 d6 6. Be3 Na6 7. h3 e5 8. d5 Nh5 9. g4 Nf4 10. Rg1 c6 11. Qd2 cxd5 12. Nxd5 Nc5 13. Bxc5 dxc5 14. 0-0-0 Be6 15. Nxf4 Qxd2+ 16. Rxd2 exf4 17. Ng5 Rad8 18. Rxd8 Rxd8 19. Nxe6 fxe6 20. f3 Bd4 21. Rg2 Be3+ 22. Kc2 Kf7 23. Bd3 Kf6 24. b3 Kg5 25. h4+ Kxh4 26. Rh2+ Kg3 27. Rxh7 Kxf3 28. g5 Kg2 29. Rf7 e5 0-1

[Event "American Continental (Women) 06th"]
[Site "Duran"]
[Date "2011.06.16"]
[Round "6"]
[White "Ubaldo Suarez, Maria Gisela"]
[Black "Mendoza Velazquez, Lorena Alejandra"]
[Result "1/2-1/2"]
[WhiteElo "2079"]
[BlackElo "2033"]
[PlyCount "61"]
[EventDate "2011.06.12"]
[EventType "swiss"]
[EventRounds "11"]
[EventCountry "ECU"]
[SourceTitle "EXT 2012"]
[Source "ChessBase"]
[SourceDate "2011.11.24"]
[SourceVersion "1"]
[SourceVersionDate "2011.11.24"]
[SourceQuality "1"]

1. d4 c5 2. d5 e6 3. Nc3 a6 4. a4 Nf6 5. e4 exd5 6. exd5 d6 7. Bd3 b6 8. Nf3 Be7 9. 0-0 0-0 10. h3 Nbd7 11. Re1 Bb7 12. Bc4 Re8 13. Bf4 Bf8 14. Qd2 Rxe1+ 15. Rxe1 Ne8 16. Bg5 Ndf6 17. Nh2 Qd7 18. b3 h6 19. Bh4 g6 20. Re3 g5 21. Bg3 Nc7 22. h4 b5 23. hxg5 hxg5 24. Rf3 Bg7 25. Bd3 Nfxd5 26. Nxd5 Bxd5 27. Bf5 Be6 28. Qxg5 bxa4 29. bxa4 Bxf5 30. Qxf5 Qxf5 31. Rxf5 1/2-1/2

[Event "American Continental (Women) 06th"]
[Site "Duran"]
[Date "2011.06.14"]
[Round "3"]
[White "Mendoza Velazquez, Lorena Alejandra"]
[Black "Lujan, Carolina"]
[Result "0-1"]
[WhiteElo "2033"]
[BlackElo "2353"]
[PlyCount "80"]
[EventDate "2011.06.12"]
[EventType "swiss"]
[EventRounds "11"]
[EventCountry "ECU"]
[SourceTitle "EXT 2012"]
[Source "ChessBase"]
[SourceDate "2011.11.24"]
[SourceVersion "1"]
[SourceVersionDate "2011.11.24"]
[SourceQuality "1"]

1. Nf3 f5 2. g3 Nf6 3. Bg2 g6 4. d4 Bg7 5. c4 0-0 6. Nc3 d6 7. 0-0 c6 8. Qc2 Qc7 9. Rd1 e5 10. dxe5 dxe5 11. b3 Qe7 12. e3 Na6 13. a3 e4 14. Ne1 Ng4 15. Bb2 Ne5 16. Ne2 Be6 17. Nd4 Bf7 18. Bf1 Rad8 19. Rac1 Nc7 20. Bg2 Qf6 21. Ba1 Qe7 22. Bb2 c5 23. Ne2 g5 24. Bxe5 Qxe5 25. g4 Rde8 26. gxf5 Bh5 27. Rd7 Qxf5 28. Rxg7+ Kxg7 29. Ng3 Qf7 30. Nxe4 Qe7 31. Qb2+ Qe5 32. Qxe5+ Rxe5 33. Nd3 Re7 34. Nexc5 b6 35. Ne4 Bg6 36. f3 g4 37. Nef2 gxf3 38. Bh3 Rxe3 39. Rd1 Rd8 40. Bf1 Ne6 0-1

[Event "Pan American-ch U20 Girls"]
[Site "Duran"]
[Date "2011.06.11"]
[Round "9"]
[White "Mendoza Velazquez, Lorena Alejandra"]
[Black "Rodriguez Rueda, Paula Andrea"]
[Result "1/2-1/2"]
[WhiteElo "2033"]
[BlackElo "2069"]
[PlyCount "40"]
[EventDate "2011.06.05"]
[EventType "swiss"]
[EventRounds "9"]
[EventCountry "ECU"]
[SourceTitle "EXT 2013"]
[Source "ChessBase"]
[SourceDate "2012.11.22"]
[SourceVersion "1"]
[SourceVersionDate "2012.11.22"]
[SourceQuality "1"]

1. d4 d5 2. Bf4 e6 3. Nf3 Nf6 4. e3 c5 5. c3 Nc6 6. Bd3 Bd6 7. Bg3 0-0 8. Nbd2 Re8 9. Ne5 Qc7 10. f4 g6 11. 0-0 c4 12. Bc2 b5 13. e4 dxe4 14. Nxe4 Nxe4 15. Bxe4 Bb7 16. Qf3 Rac8 17. Rae1 f5 18. Bxc6 Bxc6 19. Nxc6 Qxc6 20. Qxc6 Rxc6 1/2-1/2

[Event "Capablanca Memorial op-A 46th"]
[Site "Havana"]
[Date "2011.05.20"]
[Round "9"]
[White "Hernandez Moya, Yuleisis"]
[Black "Mendoza Velazquez, Lorena Alejandra"]
[Result "1-0"]
[WhiteElo "2174"]
[BlackElo "2033"]
[PlyCount "117"]
[EventDate "2011.05.11"]
[EventType "swiss"]
[EventRounds "10"]
[EventCountry "CUB"]
[SourceTitle "CBM 142 Extra"]
[Source "ChessBase"]
[SourceDate "2011.06.27"]
[SourceVersion "1"]
[SourceVersionDate "2011.06.27"]
[SourceQuality "1"]

1. e4 c5 2. Nf3 a6 3. d4 cxd4 4. Nxd4 Nf6 5. Bd3 e5 6. Nb3 Nc6 7. 0-0 Be7 8. c4 0-0 9. Nc3 d6 10. h3 Nd4 11. Be2 Bd7 12. a3 Nc6 13. Be3 Rb8 14. Qc2 Re8 15. Rfd1 Rc8 16. Na4 Bf8 17. Nb6 Rb8 18. c5 Nd4 19. Bxd4 exd4 20. Nxd7 Qxd7 21. Rxd4 Qc6 22. Rc4 dxc5 23. Nxc5 Bxc5 24. Rxc5 Qxe4 25. Bd3 Qe6 26. Bc4 Qb6 27. Ba2 Rbd8 28. Rc1 Ne4 29. Rf5 Nd6 30. Rf3 Re7 31. Rd1 Nb5 32. Rfd3 Rde8 33. Qc4 Rc7 34. Rd8 Kf8 35. Qe4 Rce7 36. Qxh7 Qh6 37. Qf5 Qc6 38. Qh5 Qh6 39. Qd5 Rxd8 40. Qxd8+ Re8 41. Qd7 Qf6 42. a4 Na7 43. Qxb7 Nc8 44. Qb4+ Kg8 45. Rd3 Qb6 46. Qxb6 Nxb6 47. a5 Na4 48. Rd7 Re1+ 49. Kh2 Nxb2 50. Bxf7+ Kf8 51. Bg6 Re6 52. Rf7+ Kg8 53. Rb7 Rxg6 54. Rxb2 Rg5 55. Ra2 Kf7 56. f4 Rb5 57. Kg3 Rc5 58. Kg4 g6 59. Kf3 1-0

[Event "Capablanca Memorial op-A 46th"]
[Site "Havana"]
[Date "2011.05.15"]
[Round "5"]
[White "Llaudy Pupo, Lisandra"]
[Black "Mendoza Velazquez, Lorena Alejandra"]
[Result "1-0"]
[WhiteElo "2216"]
[BlackElo "2033"]
[PlyCount "63"]
[EventDate "2011.05.11"]
[EventType "swiss"]
[EventRounds "10"]
[EventCountry "CUB"]
[SourceTitle "CBM 142 Extra"]
[Source "ChessBase"]
[SourceDate "2011.06.27"]
[SourceVersion "1"]
[SourceVersionDate "2011.06.27"]
[SourceQuality "1"]

1. e4 c5 2. Nf3 d6 3. b3 e5 4. Bc4 g6 5. d3 h6 6. Nc3 Bg7 7. 0-0 Ne7 8. Bb2 0-0 9. Nd5 Nbc6 10. Nd2 a6 11. a4 Rb8 12. Nxe7+ Nxe7 13. a5 Kh7 14. Bd5 Be6 15. c4 Qd7 16. Bc3 Nc6 17. Rb1 g5 18. b4 f5 19. bxc5 dxc5 20. Nb3 Bxd5 21. exd5 Nd8 22. Nxc5 Qc7 23. Na4 Nf7 24. Rb6 g4 25. Bb4 Rg8 26. Nc5 Ng5 27. Ne6 Nxe6 28. Rxe6 Rbd8 29. Qa4 Bf8 30. Bxf8 Rdxf8 31. Rb1 Qc8 32. Re7+ 1-0

[Event "Capablanca Memorial op-A 46th"]
[Site "Havana"]
[Date "2011.05.11"]
[Round "1"]
[White "Linares Napoles, Oleiny"]
[Black "Mendoza Velazquez, Lorena Alejandra"]
[Result "1-0"]
[WhiteElo "2319"]
[BlackElo "2033"]
[PlyCount "57"]
[EventDate "2011.05.11"]
[EventType "swiss"]
[EventRounds "10"]
[EventCountry "CUB"]
[SourceTitle "CBM 142 Extra"]
[Source "ChessBase"]
[SourceDate "2011.06.27"]
[SourceVersion "1"]
[SourceVersionDate "2011.06.27"]
[SourceQuality "1"]

1. c4 c5 2. Nc3 Nc6 3. g3 g6 4. Bg2 Bg7 5. Nf3 e5 6. a3 Nge7 7. b4 cxb4 8. axb4 Nxb4 9. Ba3 Nbc6 10. Nb5 a6 11. Nd6+ Kf8 12. Ng5 f5 13. Ngf7 Qc7 14. Nxh8 Bxh8 15. Qb3 Nd4 16. Qa2 e4 17. c5 Ne6 18. Rc1 Nc6 19. f3 exf3 20. Bxf3 Be5 21. e3 Bxd6 22. cxd6 Qa5 23. 0-0 Qe5 24. Qb3 Ncd8 25. Bd5 Ke8 26. d4 Qf6 27. Bg2 Rb8 28. Qb6 Nf7 29. Qa7 1-0

[Event "Pan American-ch U20 Girls"]
[Site "Cali"]
[Date "2010.05.21"]
[Round "3"]
[White "Mendoza Velazquez, Lorena Alejandra"]
[Black "Cordero, Daniela"]
[Result "1-0"]
[WhiteElo "2063"]
[BlackElo "1984"]
[PlyCount "103"]
[EventDate "2010.05.20"]
[EventType "swiss"]
[EventRounds "9"]
[EventCountry "COL"]
[SourceTitle "CBM 136 Extra"]
[Source "ChessBase"]
[SourceDate "2010.07.02"]
[SourceVersion "2"]
[SourceVersionDate "2010.07.15"]
[SourceQuality "1"]

1. d4 Nf6 2. Nf3 e6 3. g3 b6 4. Bg2 Bb7 5. 0-0 Be7 6. c4 0-0 7. Nc3 d5 8. Ne5 Ne4 9. cxd5 exd5 10. Qc2 Nxc3 11. bxc3 f6 12. Nd3 Bd6 13. Bf4 Na6 14. c4 c6 15. cxd5 cxd5 16. Qb3 Nc7 17. e4 Kh8 18. Bxd6 Qxd6 19. e5 fxe5 20. dxe5 Qe7 21. f4 Ba6 22. Rfd1 Bc4 23. Qb4 Qf7 24. Nb2 b5 25. Nxc4 bxc4 26. Qc5 Rfd8 27. Rab1 Rac8 28. Qxa7 c3 29. Rbc1 Qh5 30. Qe3 Na6 31. Bf3 Qg6 32. Rxc3 Rxc3 33. Qxc3 Qb6+ 34. Qd4 Qa5 35. e6 Nc7 36. e7 Re8 37. Bxd5 Nxd5 38. Qxd5 Qa7+ 39. Kg2 Qxe7 40. Qf3 Qa7 41. Rd2 h6 42. Re2 Rc8 43. f5 Rc1 44. Rf2 Qd4 45. Kh3 Rc3 46. Qf4 Qd7 47. Rf3 Rc2 48. a3 Qf7 49. g4 Qd5 50. f6 g5 51. Qb8+ Kh7 52. Qa7+ 1-0

[Event "Wch U20 Girls"]
[Site "Puerto Madryn"]
[Date "2009.10.23"]
[Round "3"]
[White "Martinez de Negri, Agustina"]
[Black "Mendoza Velazquez, Lorena Alejandra"]
[Result "0-1"]
[WhiteElo "1945"]
[BlackElo "1973"]
[PlyCount "70"]
[EventDate "2009.10.22"]
[EventType "swiss"]
[EventRounds "13"]
[EventCountry "ARG"]
[SourceTitle "EXT 2010"]
[Source "ChessBase"]
[SourceDate "2010.11.25"]
[SourceVersion "1"]
[SourceVersionDate "2010.11.25"]
[SourceQuality "1"]

1. e4 c5 2. Nc3 g6 3. f4 Bg7 4. Nf3 Nc6 5. Bc4 e6 6. d3 Nge7 7. 0-0 0-0 8. Qe1 Na5 9. Bb3 d5 10. exd5 Nxb3 11. axb3 exd5 12. Qf2 d4 13. Ne4 b6 14. Bd2 Nd5 15. Ne5 h6 16. Rae1 Qc7 17. Ng3 Re8 18. Nc4 Bd7 19. f5 Bb5 20. Na3 Ba6 21. Ne4 Ne3 22. f6 Rxe4 23. fxg7 Nxf1 24. Rxe4 Nxd2 25. Qxd2 Kxg7 26. Qe2 Rd8 27. Nb1 Bb7 28. Rh4 Rd5 29. Nd2 Re5 30. Qf2 Qe7 31. Rf4 Re1+ 32. Nf1 f5 33. Qg3 Qe3+ 34. Kh1 Qxg3 35. hxg3 Re2 0-1

[Event "Wch U20 Girls"]
[Site "Puerto Madryn"]
[Date "2009.10.23"]
[Round "2"]
[White "Mendoza Velazquez, Lorena Alejandra"]
[Black "Gomes, Mary Ann"]
[Result "0-1"]
[WhiteElo "1973"]
[BlackElo "2396"]
[PlyCount "56"]
[EventDate "2009.10.22"]
[EventType "swiss"]
[EventRounds "13"]
[EventCountry "ARG"]
[SourceTitle "EXT 2010"]
[Source "ChessBase"]
[SourceDate "2010.11.25"]
[SourceVersion "1"]
[SourceVersionDate "2010.11.25"]
[SourceQuality "1"]

1. c4 Nf6 2. Nf3 e6 3. g3 b6 4. Bg2 Bb7 5. 0-0 Be7 6. Nc3 0-0 7. Re1 d5 8. Ne5 c5 9. d4 Nbd7 10. Nxd7 Qxd7 11. dxc5 bxc5 12. Bg5 d4 13. Bxf6 Bxf6 14. Ne4 Be7 15. Qd2 Rab8 16. b3 f5 17. Ng5 Bxg2 18. Kxg2 e5 19. e4 h6 20. Nh3 f4 21. f3 fxg3 22. hxg3 Rxf3 23. Kxf3 Qxh3 24. Qd3 Rf8+ 25. Ke2 Qh5+ 26. Kd2 Bg5+ 27. Kc2 Rf2+ 28. Kb1 Qh2 0-1

[Event "Wch U20 Girls"]
[Site "Puerto Madryn"]
[Date "2009.10.22"]
[Round "1"]
[White "Umudova, Nargiz"]
[Black "Mendoza Velazquez, Lorena Alejandra"]
[Result "1-0"]
[WhiteElo "2254"]
[BlackElo "1973"]
[PlyCount "87"]
[EventDate "2009.10.22"]
[EventType "swiss"]
[EventRounds "13"]
[EventCountry "ARG"]
[SourceTitle "EXT 2010"]
[Source "ChessBase"]
[SourceDate "2010.11.25"]
[SourceVersion "1"]
[SourceVersionDate "2010.11.25"]
[SourceQuality "1"]

1. e4 c5 2. Nf3 d6 3. d4 cxd4 4. Nxd4 Nf6 5. Nc3 g6 6. Be2 Bg7 7. 0-0 0-0 8. Re1 Nc6 9. Nb3 Be6 10. Bg5 h6 11. Bh4 a6 12. Bf1 b5 13. Nd5 Nd7 14. c3 g5 15. Bg3 Nde5 16. h4 Bg4 17. f3 Bh5 18. hxg5 hxg5 19. a4 Rb8 20. axb5 axb5 21. Nd4 Nxd4 22. cxd4 Nc6 23. Bf2 e6 24. Nc3 b4 25. Nb5 d5 26. e5 f6 27. Ra6 Qd7 28. Qd2 Ra8 29. Rea1 Rxa6 30. Rxa6 Be8 31. Nd6 Nb8 32. Rb6 Qc7 33. Rb7 Qd8 34. Nxe8 Qxe8 35. exf6 Bxf6 36. Qxb4 Nc6 37. Qc5 Ne7 38. Bd3 Qc8 39. Rc7 Qd8 40. b4 Rf7 41. b5 Kg7 42. b6 e5 43. b7 Rf8 44. dxe5 1-0

[Event "American Continental (Women) 05th"]
[Site "Cali"]
[Date "2009.09.05"]
[Round "7"]
[White "Mendoza Velazquez, Lorena Alejandra"]
[Black "Chirivi Castiblanco, Jenny Astrid"]
[Result "0-1"]
[WhiteElo "1973"]
[BlackElo "2195"]
[PlyCount "70"]
[EventDate "2009.09.01"]
[EventType "swiss"]
[EventRounds "9"]
[EventCountry "COL"]
[SourceTitle "CBM 132 Extra"]
[Source "ChessBase"]
[SourceDate "2009.11.03"]
[SourceVersion "1"]
[SourceVersionDate "2009.11.03"]
[SourceQuality "1"]

1. c4 e6 2. g3 d5 3. Bg2 Nf6 4. d4 c6 5. Nf3 dxc4 6. Ne5 Bb4+ 7. Nc3 Nd5 8. Bd2 Nb6 9. a3 Be7 10. e3 N8d7 11. Qe2 Nxe5 12. dxe5 Qc7 13. f4 Bd7 14. 0-0 0-0 15. Ne4 Kh8 16. g4 Nd5 17. Rf3 f5 18. exf6 Bxf6 19. Nxf6 Nxf6 20. Rh3 e5 21. f5 Nxg4 22. Rf1 Rxf5 23. Bf3 Rg5 24. Rg3 h5 25. h3 e4 26. Rg2 exf3 27. Rxf3 Rg6 28. hxg4 Bxg4 29. Qxc4 Rd8 30. Rf4 Qe5 31. Qb3 Be6 32. Qb4 Rxg2+ 33. Kxg2 c5 34. Qa5 b6 35. Qc3 Qd5+ 0-1

[Event "Olympiad Women-38"]
[Site "Dresden"]
[Date "2008.11.15"]
[Round "3"]
[White "Majdan, Joanna"]
[Black "Mendoza Velazquez, Lorena Alejandra"]
[Result "1-0"]
[WhiteElo "2284"]
[BlackElo "2015"]
[PlyCount "67"]
[EventDate "2008.11.13"]
[EventType "team-swiss"]
[EventRounds "11"]
[EventCountry "GER"]
[SourceTitle "CBM 128"]
[Source "ChessBase"]
[SourceDate "2009.01.28"]
[SourceVersion "1"]
[SourceVersionDate "2009.01.28"]
[SourceQuality "1"]
[WhiteTeam "Poland (W)"]
[BlackTeam "Mexico (W)"]
[WhiteTeamCountry "POL"]
[BlackTeamCountry "MEX"]

1. e4 g6 2. d4 Bg7 3. Nf3 c5 4. dxc5 Qa5+ 5. c3 Qxc5 6. Na3 Nf6 7. Be3 Qc7 8. Nb5 Qd8 9. Bf4 d6 10. e5 Nh5 11. Bg5 f6 12. exd6 0-0 13. Bc4+ e6 14. Be3 f5 15. Nc7 f4 16. Bc1 b5 17. Bb3 Bb7 18. 0-0 Kh8 19. Nxe6 Qf6 20. Nxf8 Bxf8 21. d7 Nc6 22. Qd5 Be7 23. Re1 Ng7 24. Nd4 a6 25. Qe4 Bc5 26. Bd5 Bxd4 27. cxd4 g5 28. Bd2 Rd8 29. Rac1 Rxd7 30. Bxc6 Rxd4 31. Bc3 Rxe4 32. Bxf6 Rxe1+ 33. Rxe1 Bxc6 34. Re7 1-0

[Event "Wch U14 Girls"]
[Site "Vung Tau"]
[Date "2008.10.29"]
[Round "10"]
[White "Ambanwala, Lumbini"]
[Black "Mendoza Velazquez, Lorena Alejandra"]
[Result "1/2-1/2"]
[WhiteElo "1791"]
[BlackElo "2015"]
[PlyCount "36"]
[EventDate "2008.10.20"]
[EventType "swiss"]
[EventRounds "11"]
[EventCountry "VIE"]
[SourceTitle "EXT 2009"]
[Source "ChessBase"]
[SourceDate "2008.11.26"]
[SourceVersion "1"]
[SourceVersionDate "2008.11.26"]
[SourceQuality "1"]

1. d4 g6 2. c4 Bg7 3. Nc3 c5 4. e3 Nf6 5. Nf3 d5 6. dxc5 Ne4 7. Nxe4 dxe4 8. Qxd8+ Kxd8 9. Ng5 Ke8 10. Nxe4 Na6 11. Be2 f5 12. Ng3 Nxc5 13. Rb1 Na4 14. 0-0 Kf7 15. Bd1 Nc5 16. Bc2 a5 17. b3 Rd8 18. Bb2 e5 1/2-1/2